Důchodový systém v ČR - současnost a perspektivy dalšího vývoje

Dôchodkový systém v Českej republike tvorený dvomi piliermi. Základné dôchodkové poistenie. Legislatíva. Druhý pilier dôchodkového systému - penzijné pripoistenie. Hlavné problémy penzijného pripoistenia. Perspektívy ďalšieho vývoja. Otázka zásadnej dôchodkovej reformy v Českej republike zostáva otv...

Full description

Saved in:
Bibliographic Details
Main Author: Pollnerová, Štěpánka
Format: Book Chapter
Language:Czech
Subjects:
Tags: Add Tag
No Tags, Be the first to tag this record!

MARC

LEADER 00000naa$a2200000$$$4500
001 0052136
005 20220715114438.8
041 0 |a cze 
044 |a CZ 
245 1 0 |a Důchodový systém v ČR - současnost a perspektivy dalšího vývoje  |c Štěpánka Pollnerová 
520 |a Dôchodkový systém v Českej republike tvorený dvomi piliermi. Základné dôchodkové poistenie. Legislatíva. Druhý pilier dôchodkového systému - penzijné pripoistenie. Hlavné problémy penzijného pripoistenia. Perspektívy ďalšieho vývoja. Otázka zásadnej dôchodkovej reformy v Českej republike zostáva otvorená. 
610 2 0 |a systémy dôchodkové 
610 2 0 |a dôchodky starobné 
610 2 0 |a pripoistenie 
610 2 0 |a dávky dôchodkové 
610 2 0 |a reformy 
610 2 0 |a štát 
610 2 0 |a legislatíva 
610 2 0 |a fondy penzijné 
610 2 0 |a Česko 
100 1 |a Pollnerová, Štěpánka